000 00571nam a2200217Ia 4500
003 OSt
005 20220926044810.0
006 a|||||r|||| 00| 0
007 ta
008 220923b |||||||| |||| 00| 0 eng d
037 _cGeneral Book
040 _aRTL
_cRTL
_beng
041 _2eng
_aeng
082 _aV491.N5, K5
100 _aFletcher Arnold
_9110396
245 0 _aAfghanistan
_b Highway of conquest
260 _c1965
650 _aFreedom Struggle History
942 _hV491.N5, K5
_cGB
_2CC
999 _c675852
_d675852